000 00400cam a2200169ua 4500
020 _c1.00
041 _amal
_h
082 _a894.812 308
_bKOR/SO
100 _aKoruthu, P C .
245 _aSoonyaprapancha sancharikal /
_cP C Koruthu.
_hTextual Documents
260 _a :
_bP C Koruthu ,
_c1961.
300 _a82 ; .
365 _a1.00
504 _a
942 _cBK
999 _c6359
_d6359